[Event "XXII Coppa Autunno"]
[Site "Ivrea ITA"]
[Date "2011.11.03"]
[Round "6"]
[White "Bellafiore, Enzo"]
[Black "Ranieri, Fabrizio"]
[Result "0-1"]
[WhiteElo "1782"]
[BlackElo "2299"]
[PlyCount "104"]
[EventDate "2011.09.29"]

1. d4 d5 2. Bf4 Bf5 3. e3 e6 4. Nf3 Nf6 5. Nbd2 c5 6. c3 Nc6 7. Be2 Be7 8. h3
O-O 9. O-O h6 10. Re1 c4 11. Ne5 Nxe5 12. dxe5 Nd7 13. Nf3 Nc5 14. Nd4 Bg6 15.
b3 cxb3 16. axb3 Ne4 17. Qc1 Qc8 18. Nb5 a6 19. f3 axb5 20. fxe4 Bxe4 21. Bxb5
Qc5 22. Bf1 Rac8 23. c4 Bh4 24. Rd1 Qb6 25. Qc3 Be7 26. Bd3 Bxd3 27. Qxd3 dxc4
28. bxc4 Rc7 29. Rab1 Qa6 30. Qb3 Rfc8 31. Ra1 Qxc4 32. Rab1 Qxb3 33. Rxb3 Rc1
34. Rxc1 Rxc1+ 35. Kf2 Rc7 36. e4 Bc5+ 37. Be3 Bxe3+ 38. Kxe3 Kf8 39. Kd4 Ke7
40. Rg3 g6 41. Rf3 h5 42. g4 hxg4 43. hxg4 Kd8 44. g5 Ke8 45. Rb3 Kd7 46. Rb6
Kc8 47. Rb5 Rc1 48. Rb3 Rc7 49. Rb4 Rc6 50. Rb3 b6 51. Rf3 Rc7 52. Rb3 Kb7 0-1

[Event "XXII Coppa Autunno"]
[Site "Ivrea ITA"]
[Date "2011.10.31"]
[Round "6"]
[White "Castaldo, Antonio"]
[Black "Papalini, Claudio"]
[Result "1-0"]
[WhiteElo "1693"]
[BlackElo "1684"]
[PlyCount "89"]
[EventDate "2011.09.29"]

1. Nf3 d5 2. g3 e6 3. Bg2 Nf6 4. O-O c6 5. d3 Be7 6. Bg5 O-O 7. Nbd2 Nbd7 8. e4
dxe4 9. dxe4 e5 10. c3 Qc7 11. Qc2 h6 12. Bxf6 Bxf6 13. Kh1 Nb6 14. Rad1 Bg4
15. h3 Bxf3 16. Nxf3 Rfd8 17. b3 Rxd1 18. Rxd1 Rd8 19. Rd3 Rxd3 20. Qxd3 Qd7
21. Ne1 Be7 22. Kg1 Qxd3 23. Nxd3 f6 24. f4 exf4 25. gxf4 Nd7 26. Kf2 Kf7 27.
Ke3 Ke6 28. Bf3 Kd6 29. f5 Kc7 30. Nf4 Kd6 31. Ne6 Bf8 32. Nd8 Kc7 33. Ne6+ Kd6
34. Kd4 c5+ 35. Ke3 b6 36. Bh5 Ke5 37. Be8 Kd6 38. Bxd7 Kxd7 39. Nxf8+ Ke7 40.
Ng6+ Kd6 41. c4 a6 42. Kf4 b5 43. e5+ fxe5+ 44. Nxe5 Ke7 45. Nc6+ 1-0

[Event "XXII Coppa Autunno"]
[Site "Ivrea ITA"]
[Date "2011.10.29"]
[Round "6"]
[White "Castello, Leonardo"]
[Black "Bogatto, Mario"]
[Result "0-1"]
[WhiteElo "1347"]
[BlackElo "1433"]
[PlyCount "118"]
[EventDate "2011.09.29"]

1. e4 d6 2. d4 Nf6 3. Nc3 e6 4. Nf3 Be7 5. Bb5+ c6 6. Bc4 Qc7 7. O-O b5 8. Be2
a5 9. Bf4 Nbd7 10. Qd2 b4 11. Nd1 Nxe4 12. Qe3 Nef6 13. c3 Nd5 14. Qd3 Nxf4 15.
Qe3 Nxe2+ 16. Qxe2 Ba6 17. c4 d5 18. b3 Bf6 19. Re1 dxc4 20. bxc4 O-O 21. Qd3
Nb6 22. Rc1 Rad8 23. Ne3 e5 24. Ng4 Bxc4 25. Qf5 Qd6 26. Nxf6+ Qxf6 27. g4 Qxf5
28. gxf5 Bd5 29. Nxe5 Rd6 30. Rc5 f6 31. Nd3 Ra8 32. Nc1 a4 33. Re3 Kf7 34. a3
Nc4 35. Rh3 h6 36. axb4 Rb8 37. Na2 Nd2 38. Ra5 Bxa2 39. Rxa4 Bd5 40. Ra7+ Kf8
41. Rd3 Ne4 42. f3 Ng5 43. f4 Nf7 44. h4 Rxb4 45. Ra8+ Rd8 46. Rxd8+ Nxd8 47.
Kf2 Be4 48. Rd2 Bxf5 49. d5 Rxf4+ 50. Ke3 Re4+ 51. Kf3 Rxh4 52. d6 Bd7 53. Re2
Rd4 54. Rg2 Rxd6 55. Kf4 Rd5 56. Ke4 Nf7 57. Re2 Re5+ 58. Kd3 Rxe2 59. Kxe2 Ng5
0-1

[Event "XXII Coppa Autunno"]
[Site "Ivrea ITA"]
[Date "2011.11.03"]
[Round "6"]
[White "Gennaro, Isabella"]
[Black "Macario, Marco"]
[Result "0-1"]
[WhiteElo "1588"]
[BlackElo "1829"]
[PlyCount "78"]
[EventDate "2011.09.29"]

1. e4 c5 2. Nf3 e6 3. d4 cxd4 4. Nxd4 Nc6 5. Nb5 d6 6. Bf4 e5 7. Be3 a6 8. N5c3
Nf6 9. Nd2 Be6 10. Be2 Be7 11. O-O O-O 12. a3 d5 13. exd5 Nxd5 14. Nxd5 Bxd5
15. Bf3 Rc8 16. Rc1 h6 17. Re1 f5 18. Bb6 Bxf3 19. Bxd8 Bxd1 20. Bxe7 Nxe7 21.
Rexd1 Rfd8 22. Kf1 Rd6 23. b3 Rcd8 24. Ke1 b5 25. c4 Nc6 26. cxb5 axb5 27. Rc5
Nd4 28. Rc3 Rg6 29. Kf1 Ra6 30. b4 Kf7 31. Nf3 Ke6 32. Rc5 Rd5 33. Rc3 Nxf3 34.
Rxd5 Nxh2+ 35. Kg1 Kxd5 36. Kxh2 Rc6 37. Rxc6 Kxc6 38. Kg1 Kd5 39. Kf1 Kc4 0-1

[Event "XXII Coppa Autunno"]
[Site "Ivrea ITA"]
[Date "2011.10.29"]
[Round "6"]
[White "Giachino, Adriano"]
[Black "Bozza, Alberto"]
[Result "0-1"]
[WhiteElo "1691"]
[BlackElo "1407"]
[PlyCount "46"]
[EventDate "2011.09.29"]

1. e4 e5 2. Bc4 Nf6 3. d4 exd4 4. Nf3 Bc5 5. e5 Ne4 6. Qd3 f5 7. exf6 Nxf6 8.
O-O d5 9. Re1+ Be7 10. Bb5+ c6 11. Ba4 Bd7 12. Qxd4 O-O 13. c3 c5 14. Qh4 Bxa4
15. Qxa4 Nbd7 16. Qh4 Re8 17. Ng5 Nf8 18. Nd2 Ng6 19. Qh3 Nf4 20. Qg3 Bd6 21.
Rxe8+ Qxe8 22. Qh4 Qe1+ 23. Nf1 Ne2+ 0-1

[Event "XXII Coppa Autunno"]
[Site "Ivrea ITA"]
[Date "2011.11.03"]
[Round "6"]
[White "Renzini, Lorenzo"]
[Black "Calzolari, Marco"]
[Result "1-0"]
[WhiteElo "1766"]
[BlackElo "1711"]
[PlyCount "61"]
[EventDate "2011.09.29"]

1. c4 e5 2. Nc3 Nc6 3. g3 b6 4. Bg2 Bb7 5. Nf3 d6 6. O-O Nf6 7. d3 Qd7 8. Rb1
a5 9. a3 Rb8 10. b4 axb4 11. axb4 g6 12. Be3 Ng4 13. Nd5 Bg7 14. Bh3 f5 15. Bg5
O-O 16. Bd2 Ne7 17. Nxe7+ Qxe7 18. Bg2 d5 19. Qb3 dxc4 20. Qxc4+ Kh8 21. b5 Qd7
22. Ng5 Bxg2 23. Kxg2 Rbc8 24. h3 Nf6 25. Bb4 c5 26. bxc6 Rxc6 27. Qb3 Qb7 28.
Kg1 e4 29. Bxf8 Bxf8 30. Nf7+ Kg7 31. Nd8 1-0

[Event "XXII Coppa Autunno"]
[Site "Ivrea ITA"]
[Date "2011.11.17"]
[Round "8"]
[White "Bellafiore, Enzo"]
[Black "Paonessa, Denis"]
[Result "1/2-1/2"]
[WhiteElo "1782"]
[BlackElo "1882"]
[PlyCount "51"]
[EventDate "2011.09.29"]

1. d4 Nf6 2. Bf4 c5 3. e3 Qb6 4. Na3 cxd4 5. exd4 Nc6 6. Nb5 Nd5 7. Bg3 a6 8.
Qf3 Nxd4 9. Qxd5 axb5 10. Bd3 e6 11. Qh5 Be7 12. c3 Nb3 13. Rb1 Rxa2 14. Qxb5
Qxb5 15. Bxb5 Nc5 16. Bc4 Ra8 17. Ne2 O-O 18. O-O d5 19. Bb5 Bd7 20. Bxd7 Nxd7
21. Nd4 e5 22. Nb5 Rfc8 23. Rfd1 Rc5 24. Na3 Rca5 25. Nc2 f6 26. f3 1/2-1/2

[Event "XXII Coppa Autunno"]
[Site "Ivrea ITA"]
[Date "2011.11.16"]
[Round "8"]
[White "Bosticardo, Tommaso"]
[Black "Razzano, Lorenzo"]
[Result "1/2-1/2"]
[WhiteElo "1708"]
[BlackElo "1927"]
[PlyCount "96"]
[EventDate "2011.09.29"]

1. d4 g6 2. e4 Bg7 3. Nf3 c5 4. c3 cxd4 5. cxd4 d5 6. e5 Nh6 7. Nc3 O-O 8. Bf4
Bg4 9. Be2 Nc6 10. h3 Bxf3 11. Bxf3 e6 12. g4 f6 13. Qd2 Nf7 14. O-O-O fxe5 15.
dxe5 Nfxe5 16. Be2 Rc8 17. Kb1 Qa5 18. a3 Nf7 19. Rhe1 e5 20. Bg3 d4 21. Ne4
Qxd2 22. Rxd2 Na5 23. g5 Rfd8 24. Bd3 Re8 25. h4 a6 26. Rde2 b5 27. Nf6+ Bxf6
28. gxf6 Nc4 29. Bxc4 bxc4 30. f4 d3 31. Re3 d2 32. Rd1 exf4 33. Rxe8+ Rxe8 34.
Bxf4 Re6 35. Rxd2 Rxf6 36. Bc7 Rc6 37. Bf4 Kg7 38. Kc2 Kf6 39. Kc3 g5 40. hxg5+
Nxg5 41. Rh2 Ne4+ 42. Kd4 Kf5 43. Rxh7 c3 44. bxc3 Nxc3 45. Bb8 Nb5+ 46. Kd5
Rb6 47. Be5 Nxa3 48. Rf7+ Kg4 1/2-1/2

[Event "XXII Coppa Autunno"]
[Site "Ivrea ITA"]
[Date "2011.11.14"]
[Round "8"]
[White "Castaldo, Antonio"]
[Black "Gennaro, Isabella"]
[Result "0-1"]
[WhiteElo "1693"]
[BlackElo "1588"]
[PlyCount "78"]
[EventDate "2011.09.29"]

1. Nf3 d5 2. g3 c5 3. d3 Nf6 4. Bg2 Nc6 5. O-O e6 6. Nbd2 Be7 7. e4 O-O 8. Ne1
b5 9. e5 Nxe5 10. Qe2 Nc6 11. c3 a5 12. Ndf3 Qc7 13. Nc2 Ba6 14. Re1 Bd6 15.
Bg5 Ng4 16. h3 Nge5 17. Nxe5 Bxe5 18. Qf3 b4 19. Bd2 bxc3 20. bxc3 Rab8 21.
Rab1 Rxb1 22. Rxb1 Rb8 23. Rxb8+ Qxb8 24. c4 Ne7 25. cxd5 exd5 26. Bxa5 Qb1+
27. Ne1 Qxa2 28. Bd8 Nc6 29. Bg5 Nb4 30. Bf1 f6 31. Be3 Bc3 32. Qe2 Qxe2 33.
Bxe2 Bxe1 34. Bxc5 Nxd3 35. Bd4 Nb4 36. Kf1 Bxe2+ 37. Kxe2 Kf7 38. Bc5 Ke6 39.
Kxe1 Nd3+ 0-1

[Event "XXII Coppa Autunno"]
[Site "Ivrea ITA"]
[Date "2011.11.17"]
[Round "8"]
[White "Macario, Marco"]
[Black "Trovero, Leo"]
[Result "1-0"]
[WhiteElo "1829"]
[BlackElo "1556"]
[PlyCount "83"]
[EventDate "2011.09.29"]

1. e4 c5 2. Nc3 g6 3. Nf3 Bg7 4. d4 cxd4 5. Nxd4 d6 6. Be3 Nc6 7. Qd2 Nf6 8.
O-O-O O-O 9. Nxc6 bxc6 10. e5 Nd5 11. Nxd5 cxd5 12. exd6 Qxd6 13. Bd4 e5 14.
Bc3 Be6 15. Bb4 Qb6 16. Bxf8 Kxf8 17. a3 Rb8 18. Qb4+ Qxb4 19. axb4 Rxb4 20. c3
Ra4 21. Bd3 d4 22. Kc2 dxc3 23. Ra1 Rb4 24. bxc3 Rb3 25. Rhb1 e4 26. Rxb3 exd3+
27. Kb2 Bxb3 28. Kxb3 d2 29. Kc2 Bh6 30. Rxa7 Ke8 31. c4 Bf4 32. h3 Bh2 33.
Kxd2 Bg1 34. Ke2 h5 35. Kf1 Bh2 36. g3 h4 37. Kg2 hxg3 38. fxg3 f5 39. Kxh2 g5
40. Rg7 f4 41. gxf4 gxf4 42. Kg2 1-0

[Event "XXII Coppa Autunno"]
[Site "Ivrea ITA"]
[Date "2011.11.17"]
[Round "8"]
[White "Renzini, Lorenzo"]
[Black "Giachino, Adriano"]
[Result "1-0"]
[WhiteElo "1766"]
[BlackElo "1691"]
[PlyCount "58"]
[EventDate "2011.09.29"]

1. c4 Nf6 2. Nc3 g6 3. g3 Bg7 4. Bg2 c5 5. Nf3 Nc6 6. O-O O-O 7. d4 cxd4 8.
Nxd4 Ne5 9. b3 d6 10. Bb2 a6 11. Nf3 Rb8 12. Nxe5 dxe5 13. Ba3 Qc7 14. e4 b5
15. Nd5 Nxd5 16. cxd5 f5 17. d6 Qb6 18. Qd5+ Kh8 19. Bc5 Bb7 20. Bxb6 Bxd5 21.
dxe7 Rfe8 22. Bc5 fxe4 23. Rad1 Bb7 24. Rd7 Kg8 25. Rfd1 Bf6 26. Ba7 Rbc8 27.
Rxb7 Bxe7 28. Bxe4 Bg5 29. Kg2 Rc2 1-0